000 00450nam a22001817a 4500
003 MPLRDC
005 20220104124240.0
008 210129b ||||| |||| 00| 0 eng d
020 _a7-5358-0235-4
082 _a280 HZK
100 _a黄志坤编译
245 _a古印度神话
_c
250 _a一版五刷
260 _a
_b湖南少年儿童出版社
_c1992
300 _b
650 _a神话总论--印度神话
942 _cBK
_o280 HZK
999 _c17812
_d17802